Detalles MARC
| 000 -CABECERA |
| campo de control de longitud fija |
01000nam a22002777a 4500 |
| 003 - IDENTIFICADOR DEL NÚMERO DE CONTROL |
| campo de control |
DO-SdBNP |
| 005 - FECHA Y HORA DE LA ÚLTIMA TRANSACCIÓN |
| campo de control |
20211230104938.0 |
| 007 - CAMPO FIJO DE DESCRIPCIÓN FÍSICA--INFORMACIÓN GENERAL |
| campo de control de longitud fija |
ta |
| 008 - DATOS DE LONGITUD FIJA--INFORMACIÓN GENERAL |
| campo de control de longitud fija |
211229b2019 it a|||g |||| 001 0 it d |
| 020 ## - NÚMERO INTERNACIONAL ESTÁNDAR DEL LIBRO |
| Información calificativa |
26/02/2009 / No. 0005018 - libro No. 12 ONDA |
| 040 ## - FUENTE DE LA CATALOGACIÓN |
| Centro catalogador/agencia de origen |
DO-SdBNP |
| Lengua de catalogación |
spa |
| Centro/agencia transcriptor |
BNPHU |
| 082 4# - NÚMERO DE LA CLASIFICACIÓN DECIMAL DEWEY |
| Número de edición |
22 |
| Número de clasificación |
451 |
| Número de documento/Ítem |
S437p |
| 110 10 - ENTRADA PRINCIPAL--NOMBRE DE ENTIDAD CORPORATIVA |
| Nombre de entidad corporativa o nombre de jurisdicción como elemento de entrada |
La Scuola |
| 9 (RLIN) |
80908 |
| 245 10 - MENCIÓN DE TÍTULO |
| Título |
Parlhablando : |
| Resto del título |
la lengua italiana enseñada a estudiantes de habla hispana : principiante / |
| Mención de responsabilidad, etc. |
La Scuola |
| 260 ## - PUBLICACIÓN, DISTRIBUCIÓN, ETC. |
| Lugar de publicación, distribución, etc. |
Santo Domingo : |
| Nombre del editor, distribuidor, etc. |
Centro DI Lingua E Cultura Italiana, |
| Fecha de publicación, distribución, etc. |
2019. |
| 300 ## - DESCRIPCIÓN FÍSICA |
| Extensión |
125 p. : |
| Otras características físicas |
il. ; |
| Dimensiones |
27 cm |
| 500 ## - NOTA GENERAL |
| Nota general |
Registro Nacional de Derecho de Autor, 26/02/2009 / No. 0005018 - libro No. 12 ONDA. |
| 500 ## - NOTA GENERAL |
| Nota general |
A1 y A2 para principiantes. |
| 501 ## - NOTA DE "CON" |
| Nota de “Con” |
. |
| 505 ## - NOTA DE CONTENIDO CON FORMATO |
| Nota de contenido con formato |
Introduzione alla pronuncia. |
| 590 ## - NOTA LOCAL (RLIN) |
| Nota local |
Inventariado, 2021 /SA |
| 650 4# - PUNTO DE ACCESO ADICIONAL DE MATERIA--TÉRMINO DE MATERIA |
| Término de materia o nombre geográfico como elemento de entrada |
Educación |
| Subdivisión general |
Italiana |
| 9 (RLIN) |
80907 |
| 650 40 - PUNTO DE ACCESO ADICIONAL DE MATERIA--TÉRMINO DE MATERIA |
| Término de materia o nombre geográfico como elemento de entrada |
Lenguas italiana |
| Subdivisión general |
Enseñanza |
| 9 (RLIN) |
80911 |
| 910 ## - DATOS DE OPCIÓN DEL USUARIO (OCLC) |
| Datos de opción del usuario |
Saquino |
| 942 ## - ELEMENTOS DE PUNTO DE ACCESO ADICIONAL (KOHA) |
| Fuente del sistema de clasificación o colocación |
Dewey Decimal Classification |
| Tipo de ítem Koha |
Libro |